Nursing Research: (Record no. 13864)
[ view plain ]
| 000 -LEADER | |
|---|---|
| fixed length control field | 00589nam a22001697a 4500 |
| 020 ## - INTERNATIONAL STANDARD BOOK NUMBER | |
| International Standard Book Number | 9781975154141 |
| 082 ## - DEWEY DECIMAL CLASSIFICATION NUMBER | |
| Classification number | 610.73072 |
| Author Mark | POL |
| 100 ## - MAIN ENTRY--PERSONAL NAME | |
| Author Name | Polit, Denise F. |
| 100 ## - MAIN ENTRY--PERSONAL NAME | |
| Author Name | Beck, Cheryl Tatano |
| 245 ## - TITLE STATEMENT | |
| Title | Nursing Research: |
| Subtitle | Generating and Assessing Evidence for Nursing Practice |
| 250 ## - EDITION STATEMENT | |
| Edition statement | 11th |
| 260 ## - PUBLICATION, DISTRIBUTION, ETC. | |
| Place of publication, distribution, etc. | New York London |
| Name of publisher, distributor, etc. | Wolters Kluwer |
| Date of publication, distribution, etc. | 2021 |
| 300 ## - PHYSICAL DESCRIPTION | |
| No of Pages | xiv, 839p. |
| Dimensions | 28 |
| illustrations | ill |
| 504 ## - BIBLIOGRAPHY, ETC. NOTE | |
| Bibliography, Index, etc. note | include: index, Appendix, Glossary, Methodologic and Non Research Reference |
| 650 ## - SUBJECT ADDED ENTRY--TOPICAL TERM | |
| Subject | Nursing |
| Keywords | Nursing Research |
| -- | Methods |
| -- | Quantitative Research Design |
| -- | INC |
| 942 ## - ADDED ENTRY ELEMENTS (KOHA) | |
| Source of classification or shelving scheme | |
| Koha item type | Books |
| 952 ## - LOCATION AND ITEM INFORMATION (KOHA) | |
| -- | 2025-03-21 |
| Item status | Collection Code | Home library | Current library | Shelving location | Date acquired | Source of acquisition | Cost, normal purchase price | Full call number | Barcode | Date last seen | Koha item type |
|---|---|---|---|---|---|---|---|---|---|---|---|
| Nursing | Islamabad Medical and Dental College | Islamabad Medical and Dental College | Islamabad Medical and Dental College | 21/03/2025 | Allied book | 29943.00 | 610.73072 POL | 11988 | 21/03/2025 | Reference |
